Information technologies in environmental engineering (Record no. 77207)
[ view plain ]
| 000 -LEADER | |
|---|---|
| fixed length control field | 00680 a2200181 4500 |
| 005 - DATE AND TIME OF LATEST TRANSACTION | |
| control field | 20131227112408.0 |
| 008 - FIXED-LENGTH DATA ELEMENTS--GENERAL INFORMATION | |
| fixed length control field | 131226b xxu||||| |||| 00| 0 eng d |
| 020 ## - INTERNATIONAL STANDARD BOOK NUMBER | |
| International Standard Book Number | 9783540883517 |
| 080 ## - UNIVERSAL DECIMAL CLASSIFICATION NUMBER | |
| Universal Decimal Classification number | 628.39:004 |
| Item number | ATH |
| 100 ## - MAIN ENTRY--PERSONAL NAME | |
| Personal name | Athanasiadis, Ioannis N ... [et.al], ed. |
| Role | ed. by. |
| 245 ## - TITLE STATEMENT | |
| Title | Information technologies in environmental engineering |
| Statement of responsibility, etc | ed. by. Ioannis N.A...[et.al] |
| 260 ## - PUBLICATION, DISTRIBUTION, ETC. (IMPRINT) | |
| Name of publisher, distributor, etc | Springer-Verlag |
| Date of publication, distribution, etc | 2009 |
| Place of publication, distribution, etc | Heidelberg |
| 300 ## - PHYSICAL DESCRIPTION | |
| Extent | xiii, 597p. |
| 500 ## - GENERAL NOTE | |
| General note | Papers presented at the 4th international symposium on Environmental Engineering, Greece, 2009. |
| 653 ## - INDEX TERM--UNCONTROLLED | |
| Uncontrolled term | Environmental management - Information systems |
| 653 ## - INDEX TERM--UNCONTROLLED | |
| Uncontrolled term | Environmental monitoring |
| 942 ## - ADDED ENTRY ELEMENTS (KOHA) | |
| item type | Books |
| Lost status | Source of classification or shelving scheme | Not for loan | Home library | Current library | Date acquired | Cost, normal purchase price | Total Checkouts | Full call number | Barcode | Date last seen | Cost, replacement price | Price effective from | Koha item type |
|---|---|---|---|---|---|---|---|---|---|---|---|---|---|
| Universal Decimal Classification | University Library | University Library | 06/03/2013 | 0.00 | 628.39:004 ATH | 00069694 | 06/03/2013 | 0.00 | 06/03/2013 | Books |
